| 000 | 01083 a2200277 4500 | ||
|---|---|---|---|
| 999 |
_c2632 _d2632 |
||
| 020 | _a9780745663685 (hbk.) | ||
| 020 | _a9780745635552 (hbk.) | ||
| 020 | _a9780745663692 (pbk.) | ||
| 020 | _a9780745635569 (pbk.) | ||
| 050 | 0 | 0 | _aJC479 WEL 2014 |
| 100 | _aPierson, Christopher (editor) | ||
| 245 | 0 | 4 |
_aThe welfare state reader / _cedited by Christopher Pierson and Francis G. Castles. |
| 250 | _a3nd ed. | ||
| 264 |
_aCambridge _bPolicy Press _c2014 |
||
| 300 | _axi, 492 p. ; | ||
| 500 | _aPrevious ed.: 2000. | ||
| 504 | _aIncludes bibliographical references and index. | ||
| 650 | 0 | _aWelfare state. | |
| 650 | 1 | 7 | _aVerzorgingsstaat. |
| 700 | 1 | _aPierson, Christopher. | |
| 700 | 1 |
_aCastles, Francis G. _q(Francis Geoffrey), _d1943- |
|
| 856 | 4 | 2 |
_3Contributor biographical information _uhttp://www.loc.gov/catdir/enhancements/fy0802/2007277585-b.html |
| 856 | 4 | 1 |
_3Table of contents only _uhttp://www.loc.gov/catdir/enhancements/fy0802/2007277585-t.html |
| 942 |
_2lcc _cBK _e3rd ed. _h479 _iWEL _k2014 |
||